| 000 | 01015nam a22002297a 4500 | ||
|---|---|---|---|
| 008 | 260627e2002 mx ||||gr||||s001 0 spa d | ||
| 040 | _bspa | ||
| 041 |
_aSPA _hSPA |
||
| 082 | 0 | 4 | _a370 |
| 100 |
_aMONTORO RODRIGUEZ MARCELA _cAUTORA |
||
| 245 | _aGUIA 2002 DE CARRERAS PROFECIONALES DE LA UNIVERSIDAD AUTONOMA DE QUERETARO Y DEL ESTADO DE QUERETARO | ||
| 260 |
_aQUERETARO _bESCUELA DE BACHILLERES UNIVERSIDAD AUTONOMA PATRIMONIO CULTURAL DE QUERETARO _c2002 |
||
| 300 |
_a182 páginas _c21.2 cm x 16.7 cm |
||
| 336 |
_2rdacontent _atexto _btxt |
||
| 337 |
_2rdamedia _asin mediación _bn |
||
| 338 |
_2rdacarrier _avolumen _bnc |
||
| 505 | _aEs un compendio informativo que presenta la oferta educativa de la Universidad Autónoma de Querétaro, detallando cada licenciatura y programa académico, sus planes de estudio, áreas de formación y oportunidades profesionales. | ||
| 650 | _aEDUCACION | ||
| 650 | _aCIENCIAS SOCIALES | ||
| 650 | _aMEDIOS NOTICIOSOS, PERIODISMO, PUBLICACION | ||
| 942 |
_2ddc _cCOLQ |
||
| 999 |
_c68702 _d68702 |
||